000 00686cam a2200157 4500
008 030512n2003 000 0 eng u
035 _a(Sirsi) u122247
245 _aWoolfson and another v Gibbons
260 _c2003
520 _aTCC 15 January 2003. £200,000 damages were awarded for negligent pre-structural survey which claimant had relied on when deciding whether or not to proceed with purchase. Full copy of transcript can be obtained from RICS Library t 0870 333 1600. [email protected]
650 _aWOOLFSON AND ANOTHER V GIBBONS
650 _aSTRUCTURAL SURVEY
650 _aSURVEYORS' NEGLIGENCE
690 _aPROFESSIONAL PRACTICE-NEGLIGENCE-CASE LAW
942 _n0
999 _c72655
_d72655